Hacc Yolunda. Pilgrim`s Progress, Turkish (Record no. 2320)

MARC details
000 -LEADER
fixed length control field 00586nam a2200241 a 4500
020 ## - INTERNATIONAL STANDARD BOOK NUMBER
ISBN
082 00 - DEWEY DECIMAL CLASSIFICATION NUMBER
Classification number 220.9505
Author Cutter BUN2
100 ## - MAIN ENTRY--AUTHOR NAME
Author name Bunyan, John
245 ## - TITLE STATEMENT
Title Hacc Yolunda. Pilgrim`s Progress, Turkish
260 ## - PUBLICATION, DISTRIBUTION, ETC. (IMPRINT)
Place of publication Istanbul
Name of publisher Selamet Matbaasi.
Year of publication 1932
300 ## - PHYSICAL DESCRIPTION
Number of Pages 461p
500 ## - GENERAL NOTE
General note includes index and biblioraphy
505 2# - FORMATTED CONTENTS NOTE
Formatted contents note Turkish
650 ## - SUBJECT ADDED ENTRY--TOPICAL TERM
Topical Term Bible Stories
942 ## - ADDED ENTRY ELEMENTS (KOHA)
Koha item type
700 1# -
-- Bunyan, John
Holdings
Home library Current library Date acquired Cost, normal purchase price Full call number Accession Number Koha item type
Henry Martyn Institute Library Henry Martyn Institute Library 06/18/2007 100.00 220.9505 BUN2 2082 Archive Book
                   Copyright © 2026 | Henry Martyn Institute | Hyderabad | TS-500052 | INDIA | Implemented by hmi.edu.in
Hit-Count:

Powered by Koha